| 000 | 00000nam##2200000za#4500 |
| 001 | 9.609835 |
| 003 | CaOODSP |
| 005 | 20200327114740 |
| 007 | ta |
| 008 | 150406|1991||||xxc||||| f|0| 0 eng|d |
| 022 | |a0706-6457 |
| 040 | |aCaOODSP|beng |
| 043 | |an-cn--- |
| 086 | 1 |aFs97-6/1844E |
| 110 | 1 |aCanada. |bDepartment of Fisheries and Oceans. |
| 245 | 10|aProceedings of the workshop on the potential use of the biomass-size spectrum for estimating northern cod stocks : |bNorthwest Atlantic Fisheries Centre, St. John's, March 25-27, 1991 / |cedited by Madhu A. Paranjape and R. W. Sheldon. |
| 260 | |aOttawa - Ontario : |bFisheries and Oceans Canada |c1991. |
| 300 | |a43p. ; |c28 cm. |
| 490 | 1 |aCanadian technical report of fisheries and aquatic sciences|x0706-6457|v1844 |
| 500 | |aPrepared in the Science Branch, Experimental Sciences Division, Department of Fisheries and Oceans, Northwest Atlantic Fisheries Centre, P.O. Box 5667, St. John's, Newfoundland A1C 5X1. |
| 546 | |aRésumés en français |
| 563 | |aSoftcover |
| 720 | 1 |aParanjape, Madhu A. |
| 720 | 1 |aSheldon, R. W. |
| 776 | 0#|tProceedings of the workshop on the potential use of the biomass-size spectrum for estimating northern cod stocks : |w(CaOODSP)9.573758 |
| 830 | #0|aCanadian technical report of fisheries and aquatic sciences,|x0706-6457|v1844|w(CaOODSP)9.514691 |